00493cam a22001457a 4500008004000000020001800040082001600058245007400074260005000148300001000198700001900208700001400227999001900241952008700260180718b1988 xxu||||| |||| 00| 0 eng d a0 11 340892 7 aQ86x42 Un3c aCommunities and crime reductioncedited by Tim Hope And Margaret Shaw aLondonbHer Majesty's Stationery Officec1988 a311p. aShaw, Margaret aHope, Tim c419025d419025 00104070aIIPAbIIPAd2009-06-30oQ86x42 Un3cp64324r2018-07-21w2018-07-21yBK